| 000 -LEADER |
| fixed length control field |
02013cam a2200385 a 4500 |
| 001 - CONTROL NUMBER |
| control field |
3526725 |
| 003 - CONTROL NUMBER IDENTIFIER |
| control field |
Nust |
| 005 - DATE AND TIME OF LATEST TRANSACTION |
| control field |
20170308151611.0 |
| 008 - FIXED-LENGTH DATA ELEMENTS--GENERAL INFORMATION |
| fixed length control field |
960913s1997 nyu b 000 1 eng |
| 010 ## - LIBRARY OF CONGRESS CONTROL NUMBER |
| LC control number |
96044126 |
| 020 ## - INTERNATIONAL STANDARD BOOK NUMBER |
| International Standard Book Number |
9780195103090 |
| 040 ## - CATALOGING SOURCE |
| Original cataloging agency |
DLC |
| Transcribing agency |
DLC |
| Modifying agency |
DLC |
| -- |
OCoLC |
| -- |
DLC |
| 041 1# - LANGUAGE CODE |
| Language code of text/sound track or separate title |
eng |
| Language code of original |
por |
| 050 00 - LIBRARY OF CONGRESS CALL NUMBER |
| Classification number |
PQ9697.M18 |
| Item number |
D613 1997 |
| 082 00 - DEWEY DECIMAL CLASSIFICATION NUMBER |
| Classification number |
869.3 |
| Author Mark |
JOA |
| 100 2# - MAIN ENTRY--PERSONAL NAME |
| Personal name |
Machado de Assis, |
| Dates associated with a name |
1839-1908. |
| 240 10 - UNIFORM TITLE |
| Uniform title |
Dom Casmurro. |
| Language of a work |
English |
| 245 10 - TITLE STATEMENT |
| Title |
Dom Casmurro : |
| Remainder of title |
a novel / |
| Statement of responsibility, etc. |
by Joachim Maria Machado de Assis ; translated from the Portuguese by John Gledson ; with a foreword by John Gledson and an afterword by João Adolfo Hansen. |
| 260 ## - PUBLICATION, DISTRIBUTION, ETC. |
| Place of publication, distribution, etc. |
New York : |
| Name of publisher, distributor, etc. |
Oxford University Press, |
| Date of publication, distribution, etc. |
1997. |
| 300 ## - PHYSICAL DESCRIPTION |
| Extent |
xxvii, 258 p. ; |
| Dimensions |
22 cm. |
| 440 #0 - SERIES STATEMENT/ADDED ENTRY--TITLE |
| Title |
Library of Latin America |
| 504 ## - BIBLIOGRAPHY, ETC. NOTE |
| Bibliography, etc. note |
Includes bibliographical references. |
| 520 1# - SUMMARY, ETC. |
| Summary, etc. |
"At last, a new translation of Machado's masterpiece that is complete (unlike Scott-Buccleuch's 1992 version - see HLAS 54:5078 - which omitted key chapters) and highly readable. Gledson produces a much-needed, graceful and accurate translation, attentive to Machado's tone and rhythms. Hansen's Afterword is excellent"--Handbook of Latin American Studies, v. 58. |
| Uniform Resource Identifier |
<a href="http://www.loc.gov/hlas/">http://www.loc.gov/hlas/</a> |
| 650 #0 - SUBJECT ADDED ENTRY--TOPICAL TERM |
| Topical term or geographic name entry element |
Reminiscing in old age |
| General subdivision |
Fiction. |
| 650 #0 - SUBJECT ADDED ENTRY--TOPICAL TERM |
| Topical term or geographic name entry element |
Adultery |
| General subdivision |
Fiction. |
| 650 #0 - SUBJECT ADDED ENTRY--TOPICAL TERM |
| Topical term or geographic name entry element |
Authorship |
| General subdivision |
Fiction. |
| 650 #0 - SUBJECT ADDED ENTRY--TOPICAL TERM |
| Topical term or geographic name entry element |
Catholics |
| Form subdivision |
Fiction. |
| 655 #7 - INDEX TERM--GENRE/FORM |
| Genre/form data or focus term |
Historical fiction. |
| Source of term |
gsafd |
| 700 1# - ADDED ENTRY--PERSONAL NAME |
| Personal name |
Gledson, John, |
| Dates associated with a name |
1945- |
| 856 42 - ELECTRONIC LOCATION AND ACCESS |
| Materials specified |
Publisher description |
| Uniform Resource Identifier |
<a href="http://www.loc.gov/catdir/enhancements/fy0636/96044126-d.html">http://www.loc.gov/catdir/enhancements/fy0636/96044126-d.html</a> |
| 856 42 - ELECTRONIC LOCATION AND ACCESS |
| Materials specified |
Contributor biographical information |
| Uniform Resource Identifier |
<a href="http://www.loc.gov/catdir/enhancements/fy0723/96044126-b.html">http://www.loc.gov/catdir/enhancements/fy0723/96044126-b.html</a> |
| 906 ## - LOCAL DATA ELEMENT F, LDF (RLIN) |
| a |
7 |
| b |
cbc |
| c |
orignew |
| d |
1 |
| e |
ocip |
| f |
19 |
| g |
y-gencatlg |
| 942 ## - ADDED ENTRY ELEMENTS (KOHA) |
| Source of classification or shelving scheme |
|
| Koha item type |
Book |